000 00776nam a2200229Ii 4500
003 JO-AjNU
008 230605s9999||||xx |||||||||||||| ||und||
017 _a26485/2015
020 _a978-977-04-7970-4
040 _aJO-AjNU
_bara
_erda
_cJO-AjNU
041 _aara
050 1 4 _aJX1990.2015
100 3 _aالسيد، فتحي علي,
_eauthor
_964443
245 0 0 _aالمرحلة التمهيدية لنظر الدعوى امام المحكمة الجنائية الدولية
250 _aط1
264 3 1 _aالقاهرة: دار النهضة العربية، 2016
300 _a449ص
336 _atext
_btxt
_2rdacontent
337 _aunmediated
_bn
_2rdamedia
338 _avolume
_bnc
_2rdacarrier
650 4 _aالقانون الدولي الجنائي
_964444
999 _aA29369
_c32937
_d32937